Identificación por ADN

Guardado en:
Autor Principal: Cejas Mazzotta, Guillermo
Formato: Libro
Idioma:Spanish
Etiquetas: Agregar Etiqueta
Sin Etiquetas, Sea el primero en etiquetar este registro!
LEADER 00374nam a22001095a 4500
001 DER.der000302
005 20050518000000.0
008 180615s----####||||||||||||||||||||spa||
100 1 |a Cejas Mazzotta, Guillermo 
245 1 0 |a Identificación por ADN  |h [recurso electrónico] /  |c Guillermo Cejas Mazzotta 
500 0 |a Catálogo comercial de libros 
859 |a DERECHO  |b BIB. DERECHO  |h 659.133  |i CEJ  |p 001110